00525nam a22001697a 4500003000200000005001700002008004100019020002200060050002300082100002000105245005400125260006400179300003200243500001400275504005200289650001400341020230925135304.0230925b xxu||||| |||| 00| 0 eng d a978-981-124-317-2 aQC 21.3b.B45 2022 aBellantoni, Leo aModern physics : the scenic routecLeo Bellantoni aLondonbWorld Scientific Publishing Co., Pte. Ltd. cc2022. axiii, 190 pages ; c23 cm.  aPhysics.  aIncludes bibliographical references and index.  aPhysics.